[Event "6th Ferdowsi International Chess Open Tournament"]
[Site "Mashhad"]
[Date "2016.02.04"]
[Round "8"]
[Board "2"]
[White "Maletin, Pavel"]
[Black "Khodashenas, Mersad"]
[Result "1-0"]
[WhiteElo "2580"]
[BlackElo "2393"]
[PlyCount "0"]
[EventDate "2016.01.29"]
[EventRounds "9"]
[EventCountry "IRI"]

1. Nf3 {[%clk 1:30:57]} Nf6 {[%clk 1:28:25]} 2. c4 {[%clk 1:31:22]} e6
{[%clk 1:28:40]} 3. g3 {[%clk 1:31:47]} d5 {[%clk 1:28:26]} 4. Bg2
{[%clk 1:32:11]} Be7 {[%clk 1:28:48]} 5. O-O {[%clk 1:32:33]} O-O
{[%clk 1:29:12]} 6. d4 {[%clk 1:32:49]} dxc4 {[%clk 1:29:32]} 7. Qc2
{[%clk 1:33:12]} a6 {[%clk 1:29:51]} 8. a4 {[%clk 1:33:33]} Bd7 {[%clk 1:30:11]}
9. Rd1 {[%clk 1:33:28]} Nc6 {[%clk 1:28:52]} 10. Qxc4 {[%clk 1:24:26]} Na5
{[%clk 1:16:02]} 11. Qc2 {[%clk 1:23:09]} Bc6 {[%clk 1:01:18]} 12. Nc3
{[%clk 1:16:12]} Nd5 {[%clk 0:59:27]} 13. e4 {[%clk 1:09:58]} Nb4
{[%clk 0:54:09]} 14. Qe2 {[%clk 1:10:02]} Nb3 {[%clk 0:52:21]} 15. Rb1
{[%clk 1:09:41]} Qe8 {[%clk 0:52:23]} 16. Bf4 {[%clk 1:04:24]} Rc8
{[%clk 0:48:55]} 17. d5 {[%clk 1:03:48]} Bxa4 {[%clk 0:38:21]} 18. Nxa4
{[%clk 0:58:29]} Qxa4 {[%clk 0:38:31]} 19. dxe6 {[%clk 0:58:56]} fxe6
{[%clk 0:37:30]} 20. Bh3 {[%clk 0:59:11]} Nc5 {[%clk 0:29:08]} 21. Nd4
{[%clk 0:58:43]} Kh8 {[%clk 0:28:04]} 22. Nxe6 {[%clk 0:57:13]} Nxe6
{[%clk 0:28:04]} 23. Bxe6 {[%clk 0:57:13]} Rcd8 {[%clk 0:28:04]} 24. Bf5
{[%clk 0:57:13]} Qe8 {[%clk 0:28:04]} 25. Bxc7 {[%clk 0:57:13]} Rxd1+
{[%clk 0:28:04]} 26. Rxd1 {[%clk 0:57:13]} Bc5 {[%clk 0:28:04]} 27. Bf4
{[%clk 0:57:13]} Nc6 {[%clk 0:28:04]} 28. Be3 {[%clk 0:57:13]} Bxe3
{[%clk 0:28:04]} 29. Qxe3 {[%clk 0:57:13]} Qe5 {[%clk 0:28:04]} 30. Rd2
{[%clk 0:57:13]} g6 {[%clk 0:28:04]} 31. Bd7 {[%clk 0:57:13]} Ne7
{[%clk 0:28:04]} 32. f4 {[%clk 0:57:13]} Qg7 {[%clk 0:28:04]} 33. Be6
{[%clk 0:57:13]} Qf6 {[%clk 0:28:04]} 34. Qd4 {[%clk 0:57:13]} Kg7
{[%clk 0:28:04]} 35. Bb3 {[%clk 0:57:13]} g5 {[%clk 0:28:04]} 36. Qxf6+
{[%clk 0:57:13]} Rxf6 {[%clk 0:28:04]} 37. Rd7 {[%clk 0:57:13]} Kf8
{[%clk 0:28:04]} 38. f5 {[%clk 0:57:13]} Rb6 {[%clk 0:28:04]} 39. Be6
{[%clk 0:57:13]} Ke8 {[%clk 0:28:04]} 40. b3 {[%clk 0:57:13]} h5 {[%clk 0:28:04]}
41. Kf2 {[%clk 0:57:13]} Nc6 {[%clk 0:28:04]} 42. Rh7 {[%clk 0:57:13]} Nd4
{[%clk 0:28:04]} 43. Bd5 {[%clk 0:57:13]} a5 {[%clk 0:28:04]} 44. Ke3
{[%clk 0:57:13]} Nc6 {[%clk 0:28:04]} 1-0

[Event "6th Ferdowsi International Chess Open Tournament"]
[Site "Mashhad"]
[Date "2016.02.04"]
[Round "8"]
[Board "4"]
[White "Mosadeghpour, Masoud"]
[Black "Grigoryan, Karen H."]
[Result "0-1"]
[WhiteElo "2475"]
[BlackElo "2602"]
[PlyCount "0"]
[EventDate "2016.01.29"]
[EventRounds "9"]
[EventCountry "IRI"]

1. e4 {[%clk 1:22:37]} c5 {[%clk 1:30:54]} 2. d4 {[%clk 1:22:16]} cxd4
{[%clk 1:31:18]} 3. c3 {[%clk 1:22:40]} dxc3 {[%clk 1:31:45]} 4. Nxc3
{[%clk 1:23:04]} Nc6 {[%clk 1:32:11]} 5. Nf3 {[%clk 1:23:27]} d6 {[%clk 1:32:37]}
6. Bc4 {[%clk 1:23:50]} a6 {[%clk 1:32:35]} 7. O-O {[%clk 1:24:09]} Nf6
{[%clk 1:33:02]} 8. h3 {[%clk 1:23:16]} e6 {[%clk 1:30:46]} 9. Qe2
{[%clk 1:23:20]} b5 {[%clk 1:25:54]} 10. Bb3 {[%clk 1:22:28]} Bb7
{[%clk 1:24:40]} 11. Rd1 {[%clk 1:22:33]} Qb8 {[%clk 1:18:23]} 12. Bf4
{[%clk 1:22:08]} Nd7 {[%clk 1:17:08]} 13. Rd2 {[%clk 0:52:21]} Be7
{[%clk 1:11:49]} 14. Bxd6 {[%clk 0:45:57]} Bxd6 {[%clk 1:12:10]} 15. Rad1
{[%clk 0:46:22]} Bf4 {[%clk 1:08:15]} 16. Rxd7 {[%clk 0:46:49]} Bc8
{[%clk 1:08:29]} 17. R7d3 {[%clk 0:43:34]} O-O {[%clk 1:08:34]} 18. Bc2
{[%clk 0:31:03]} h6 {[%clk 0:56:27]} 19. e5 {[%clk 0:29:08]} Bb7 {[%clk 0:45:21]}
20. Rd7 {[%clk 0:23:31]} Nxe5 {[%clk 0:42:01]} 21. Rxb7 {[%clk 0:20:49]} Qxb7
{[%clk 0:42:20]} 22. Nxe5 {[%clk 0:21:01]} Bxe5 {[%clk 0:40:14]} 23. Qxe5
{[%clk 0:21:20]} Rad8 {[%clk 0:40:33]} 24. Rd6 {[%clk 0:14:51]} Rxd6
{[%clk 0:40:15]} 25. Qxd6 {[%clk 0:15:14]} Qc8 {[%clk 0:39:54]} 26. Qd3
{[%clk 0:11:12]} g6 {[%clk 0:39:35]} 27. Qd2 {[%clk 0:09:18]} Kh7
{[%clk 0:37:56]} 28. Qd4 {[%clk 0:03:43]} Qd8 {[%clk 0:36:50]} 29. Qe3
{[%clk 0:01:54]} Qc7 {[%clk 0:36:02]} 30. a3 {[%clk 0:00:49]} Rd8
{[%clk 0:34:46]} 31. h4 {[%clk 0:00:52]} Kg7 {[%clk 0:32:20]} 32. h5
{[%clk 0:01:04]} gxh5 {[%clk 0:32:31]} 33. Qe4 {[%clk 0:00:52]} Kf8
{[%clk 0:32:39]} 34. Qe3 {[%clk 0:00:59]} Ke7 {[%clk 0:31:52]} 35. Bb3
{[%clk 0:00:35]} Qd6 {[%clk 0:29:50]} 36. Ne4 {[%clk 0:00:33]} Qe5
{[%clk 0:29:26]} 37. Qe1 {[%clk 0:00:33]} Rd4 {[%clk 0:28:34]} 38. f3
{[%clk 0:00:48]} f5 {[%clk 0:28:50]} 39. Qh4+ {[%clk 0:01:17]} Kf8
{[%clk 0:26:09]} 40. Qxh5 {[%clk 0:01:13]} Kg7 {[%clk 0:26:31]} 41. Bc2 Qc7 42.
Bb3 Qe5 43. Kf1 Qf4 44. Kg1 Qe5 45. Qe8 fxe4 46. Qe7+ Kg6 47. Qe8+ Kh7 48. Qf7+
Qg7 {[%clk 0:26:26]} 49. Qxe6 0-1

[Event "6th Ferdowsi International Chess Open Tournament"]
[Site "Mashhad"]
[Date "2016.02.04"]
[Round "8"]
[Board "5"]
[White "Rasulov, Vugar"]
[Black "Gabuzyan, Hovhannes"]
[Result "0-1"]
[WhiteElo "2493"]
[BlackElo "2585"]
[PlyCount "0"]
[EventDate "2016.01.29"]
[EventRounds "9"]
[EventCountry "IRI"]

1. e4 {[%clk 1:29:08]} c5 {[%clk 1:30:57]} 2. Nf3 {[%clk 1:29:21]} d6
{[%clk 1:31:24]} 3. d4 {[%clk 1:28:44]} cxd4 {[%clk 1:31:50]} 4. Nxd4
{[%clk 1:29:09]} Nf6 {[%clk 1:32:16]} 5. Nc3 {[%clk 1:29:29]} a6 {[%clk 1:32:43]}
6. Bg5 {[%clk 1:29:20]} e6 {[%clk 1:33:09]} 7. f4 {[%clk 1:29:45]} Qb6
{[%clk 1:33:36]} 8. Nb3 {[%clk 1:28:58]} Nbd7 {[%clk 1:33:48]} 9. Qf3
{[%clk 1:28:53]} Be7 {[%clk 1:34:13]} 10. O-O-O {[%clk 1:28:30]} Qc7
{[%clk 1:34:40]} 11. Bd3 {[%clk 1:26:45]} b5 {[%clk 1:35:01]} 12. a3
{[%clk 1:25:07]} Rb8 {[%clk 1:35:06]} 13. Rhe1 {[%clk 1:24:31]} b4
{[%clk 1:35:20]} 14. axb4 {[%clk 1:24:33]} Rxb4 {[%clk 1:35:46]} 15. Qh3
{[%clk 1:13:13]} h6 {[%clk 1:34:36]} 16. f5 {[%clk 1:06:48]} Ne5 {[%clk 1:34:11]}
17. Bd2 {[%clk 1:03:24]} Bd7 {[%clk 1:24:44]} 18. Kb1 {[%clk 1:00:37]} a5
{[%clk 1:23:23]} 19. Na2 {[%clk 0:59:20]} Rb8 {[%clk 1:21:31]} 20. Bxa5
{[%clk 0:57:10]} Qa7 {[%clk 1:21:57]} 21. Qe3 {[%clk 0:56:27]} Qxe3
{[%clk 1:22:16]} 22. Rxe3 {[%clk 0:56:52]} Nfg4 {[%clk 1:22:44]} 23. Re2
{[%clk 0:45:59]} Nxd3 {[%clk 1:22:37]} 24. Rxd3 {[%clk 0:46:16]} Bb5
{[%clk 1:23:00]} 25. Nac1 {[%clk 0:44:02]} Ne5 {[%clk 1:17:42]} 26. Rg3
{[%clk 0:43:38]} Bxe2 {[%clk 1:18:06]} 27. Nxe2 {[%clk 0:44:05]} Bf6
{[%clk 1:18:29]} 28. Bc7 {[%clk 0:35:21]} Rb4 {[%clk 1:18:25]} 29. Bxd6
{[%clk 0:32:22]} Rxe4 {[%clk 1:18:14]} 30. Nc3 {[%clk 0:32:09]} Re1+
{[%clk 1:18:13]} 31. Ka2 {[%clk 0:32:38]} Kd7 {[%clk 1:15:39]} 32. Ba3
{[%clk 0:31:17]} Ra8 {[%clk 1:11:21]} 33. fxe6+ {[%clk 0:31:30]} fxe6
{[%clk 1:11:46]} 34. Nd2 {[%clk 0:26:59]} Rc1 {[%clk 1:08:18]} 35. Nce4
{[%clk 0:25:10]} Rxc2 {[%clk 1:07:28]} 36. Kb1 {[%clk 0:25:34]} Rcc8
{[%clk 0:57:09]} 37. Nxf6+ {[%clk 0:20:39]} gxf6 {[%clk 0:57:35]} 38. Ne4
{[%clk 0:21:06]} f5 {[%clk 0:51:56]} 39. Nc5+ {[%clk 0:19:29]} Kd6
{[%clk 0:52:06]} 40. Nd3+ {[%clk 0:17:28]} Kd5 {[%clk 0:48:37]} 41. Nf4+
{[%clk 0:17:57]} Ke4 {[%clk 0:48:48]} 42. Nxe6 {[%clk 0:18:26]} Nd3
{[%clk 0:48:46]} 43. Rh3 {[%clk 0:16:21]} Rc1+ {[%clk 0:45:36]} 44. Ka2
{[%clk 0:13:30]} Rg1 {[%clk 0:46:03]} 45. Rh4+ {[%clk 0:12:06]} Ke5
{[%clk 0:46:00]} 46. Nc7 {[%clk 0:11:31]} Rb8 {[%clk 0:44:48]} 47. Na6
{[%clk 0:08:19]} Nc1+ {[%clk 0:41:40]} 48. Kb1 {[%clk 0:08:48]} Nb3+
{[%clk 0:42:04]} 49. Kc2 {[%clk 0:09:13]} Nd4+ {[%clk 0:39:35]} 50. Kd2
{[%clk 0:06:49]} Rxg2+ {[%clk 0:39:58]} 51. Ke1 {[%clk 0:06:36]} Rc8
{[%clk 0:39:41]} 52. Kf1 {[%clk 0:06:21]} Rcc2 {[%clk 0:40:03]} 53. Bd6+
{[%clk 0:06:15]} Kxd6 {[%clk 0:40:22]} 54. Rxd4+ {[%clk 0:06:41]} Ke5
{[%clk 0:40:48]} 0-1

[Event "6th Ferdowsi International Chess Open Tournament"]
[Site "Mashhad"]
[Date "2016.02.04"]
[Round "8"]
[Board "6"]
[White "Bocharov, Dmitry"]
[Black "Darini, Pouria"]
[Result "1/2-1/2"]
[WhiteElo "2567"]
[BlackElo "2474"]
[PlyCount "0"]
[EventDate "2016.01.29"]
[EventRounds "9"]
[EventCountry "IRI"]

1. c4 {[%clk 1:30:57]} Nf6 {[%clk 1:26:44]} 2. Nc3 {[%clk 1:30:19]} c5
{[%clk 1:26:54]} 3. g3 {[%clk 1:29:42]} d5 {[%clk 1:27:18]} 4. cxd5
{[%clk 1:30:02]} Nxd5 {[%clk 1:27:45]} 5. Bg2 {[%clk 1:30:16]} Nc7
{[%clk 1:28:09]} 6. Qa4+ {[%clk 1:30:11]} Qd7 {[%clk 1:17:47]} 7. Nf3
{[%clk 1:30:10]} Qxa4 {[%clk 1:11:23]} 8. Nxa4 {[%clk 1:30:25]} e6
{[%clk 1:11:52]} 9. b3 {[%clk 1:21:27]} b5 {[%clk 0:56:23]} 10. Nc3
{[%clk 1:21:28]} Bb7 {[%clk 0:56:51]} 11. O-O {[%clk 1:20:09]} Nd7
{[%clk 0:56:15]} 12. Bb2 {[%clk 1:15:22]} Be7 {[%clk 0:48:10]} 13. a4
{[%clk 1:09:11]} bxa4 {[%clk 0:33:34]} 14. Nxa4 {[%clk 1:06:54]} f6
{[%clk 0:19:26]} 15. Rfc1 {[%clk 1:06:19]} Nb5 {[%clk 0:13:28]} 16. d4
{[%clk 0:57:21]} Rc8 {[%clk 0:13:03]} 17. dxc5 {[%clk 0:40:11]} Nxc5
{[%clk 0:13:14]} 18. Nxc5 {[%clk 0:39:21]} Bxc5 {[%clk 0:04:48]} 19. Ng5
{[%clk 0:31:18]} Bxg2 {[%clk 0:02:44]} 20. Nxe6 {[%clk 0:31:17]} Bxf2+
{[%clk 0:00:39]} 21. Kxf2 {[%clk 0:18:19]} Kf7 {[%clk 0:01:07]} 22. Nxg7
{[%clk 0:18:30]} Bd5 {[%clk 0:01:32]} 23. Nh5 {[%clk 0:17:44]} Bxb3
{[%clk 0:01:57]} 24. Nxf6 {[%clk 0:17:51]} Rhd8 {[%clk 0:00:40]} 25. Ne4
{[%clk 0:14:18]} Rxc1 {[%clk 0:00:43]} 26. Rxc1 {[%clk 0:14:38]} Bd5
{[%clk 0:00:42]} 27. Ng5+ {[%clk 0:14:40]} Kg6 {[%clk 0:01:04]} 28. Nh3
{[%clk 0:15:00]} Kf7 {[%clk 0:00:52]} 29. Rc5 {[%clk 0:14:41]} a6
{[%clk 0:00:54]} 30. Nf4 {[%clk 0:14:59]} Be4 {[%clk 0:01:05]} 31. Be5
{[%clk 0:11:48]} Bb7 {[%clk 0:00:33]} 32. Bb2 {[%clk 0:10:04]} Be4
{[%clk 0:01:02]} 33. Rg5 {[%clk 0:10:26]} Rg8 {[%clk 0:01:17]} 34. Rh5
{[%clk 0:10:40]} Rc8 {[%clk 0:01:25]} 35. Ke3 {[%clk 0:10:39]} Re8
{[%clk 0:01:48]} 36. Rg5 {[%clk 0:09:53]} Bb1+ {[%clk 0:00:41]} 37. Kf2
{[%clk 0:08:38]} Rg8 {[%clk 0:01:09]} 38. Rd5 {[%clk 0:08:18]} Re8
{[%clk 0:01:32]} 39. h4 {[%clk 0:05:31]} Be4 {[%clk 0:01:59]} 40. Rg5
{[%clk 0:05:42]} Re7 {[%clk 0:00:52]} 41. g4 {[%clk 0:04:45]} Rd7
{[%clk 0:01:22]} 42. Ke3 {[%clk 0:03:59]} Bb1 {[%clk 0:01:51]} 43. Rg7+
{[%clk 0:03:29]} Ke8 {[%clk 0:02:18]} 44. Rg8+ {[%clk 0:03:17]} Kf7
{[%clk 0:02:47]} 45. Ra8 {[%clk 0:02:32]} Nc7 {[%clk 0:00:37]} 46. Rb8
{[%clk 0:02:40]} Nd5+ {[%clk 0:01:05]} 47. Nxd5 {[%clk 0:03:02]} Rxd5
{[%clk 0:01:33]} 48. Rb7+ {[%clk 0:03:07]} Ke6 {[%clk 0:01:41]} 49. Bd4
{[%clk 0:03:15]} Rb5 {[%clk 0:01:49]} 50. Ra7 {[%clk 0:03:17]} Kd5
{[%clk 0:02:15]} 51. Bh8 {[%clk 0:02:51]} Rb4 {[%clk 0:01:08]} 52. Rd7+
{[%clk 0:01:59]} Ke6 {[%clk 0:01:14]} 53. Rd1 {[%clk 0:02:19]} Bc2
{[%clk 0:00:37]} 54. Rc1 {[%clk 0:02:01]} Re4+ {[%clk 0:01:05]} 55. Kf2
{[%clk 0:01:13]} Rc4 {[%clk 0:01:17]} 56. e3 {[%clk 0:01:13]} a5 {[%clk 0:01:03]}
57. Bd4 {[%clk 0:01:33]} a4 {[%clk 0:01:32]} 58. Ra1 {[%clk 0:01:52]} Rc8
{[%clk 0:01:17]} 59. Kg3 {[%clk 0:02:12]} Kd5 {[%clk 0:01:34]} 60. Ra3
{[%clk 0:02:13]} Ke4 {[%clk 0:01:04]} 61. h5 {[%clk 0:02:29]} Bb3
{[%clk 0:00:47]} 62. Ra1 {[%clk 0:02:23]} Rg8 {[%clk 0:00:34]} 63. Kh4
{[%clk 0:02:19]} Rf8 {[%clk 0:00:36]} 64. Rc1 {[%clk 0:02:04]} Rf2
{[%clk 0:00:32]} 65. Rc7 {[%clk 0:01:24]} Rf7 {[%clk 0:00:53]} 66. Rc8
{[%clk 0:01:26]} a3 {[%clk 0:00:50]} 67. g5 {[%clk 0:01:28]} Rf1 {[%clk 0:00:52]}
68. Re8+ {[%clk 0:01:45]} Kd3 {[%clk 0:00:43]} 69. g6 {[%clk 0:00:41]} hxg6
{[%clk 0:01:01]} 70. hxg6 {[%clk 0:00:33]} Rg1 {[%clk 0:00:42]} 71. g7
{[%clk 0:00:42]} a2 {[%clk 0:01:05]} 72. Ra8 {[%clk 0:00:51]} Ke4
{[%clk 0:00:56]} 73. Kh5 {[%clk 0:00:51]} Bf7+ {[%clk 0:00:45]} 74. Kh4
{[%clk 0:00:48]} Bb3 {[%clk 0:00:44]} 75. Ra5 {[%clk 0:01:01]} Bd5
{[%clk 0:00:44]} 76. Kh5 {[%clk 0:00:52]} Bf7+ {[%clk 0:01:08]} 77. Kh4
{[%clk 0:00:45]} Bd5 {[%clk 0:01:06]} 78. Ra7 {[%clk 0:01:08]} Bc4
{[%clk 0:00:41]} 79. Kh5 {[%clk 0:01

[Event "6th Ferdowsi International Chess Open Tournament"]
[Site "Mashhad"]
[Date "2016.02.04"]
[Round "8"]
[Board "7"]
[White "Mousavi, Seyed Khalil"]
[Black "Zubarev, Alexander"]
[Result "1/2-1/2"]
[WhiteElo "2425"]
[BlackElo "2553"]
[PlyCount "0"]
[EventDate "2016.01.29"]
[EventRounds "9"]
[EventCountry "IRI"]

1. c4 {[%clk 1:29:22]} g6 {[%clk 1:29:59]} 2. Nc3 {[%clk 1:28:47]} Bg7
{[%clk 1:30:15]} 3. g3 {[%clk 1:28:01]} Nf6 {[%clk 1:27:04]} 4. Bg2
{[%clk 1:27:57]} O-O {[%clk 1:27:26]} 5. d4 {[%clk 1:27:02]} d6 {[%clk 1:27:49]}
6. e3 {[%clk 1:27:17]} c6 {[%clk 1:20:30]} 7. Nge2 {[%clk 1:27:33]} Be6
{[%clk 1:12:56]} 8. b3 {[%clk 1:24:10]} Qc8 {[%clk 1:12:37]} 9. O-O
{[%clk 1:17:43]} Bh3 {[%clk 1:12:51]} 10. Bb2 {[%clk 1:17:30]} Bxg2
{[%clk 1:10:40]} 11. Kxg2 {[%clk 1:17:58]} b5 {[%clk 1:10:32]} 12. cxb5
{[%clk 1:12:36]} cxb5 {[%clk 1:10:39]} 13. Nf4 {[%clk 1:13:04]} Na6
{[%clk 0:49:37]} 14. Qf3 {[%clk 1:03:00]} Nc7 {[%clk 0:44:43]} 15. Rac1
{[%clk 1:00:55]} Qd7 {[%clk 0:44:51]} 16. Ncd5 {[%clk 0:57:20]} Nfxd5
{[%clk 0:42:57]} 17. Nxd5 {[%clk 0:57:44]} Nxd5 {[%clk 0:43:14]} 18. Qxd5
{[%clk 0:58:07]} Rfc8 {[%clk 0:43:30]} 19. Rxc8+ {[%clk 0:57:02]} Rxc8
{[%clk 0:43:56]} 20. Rc1 {[%clk 0:57:22]} Rxc1 {[%clk 0:35:03]} 21. Bxc1
{[%clk 0:57:43]} Qc8 {[%clk 0:34:50]} 22. Bd2 {[%clk 0:55:32]} a6
{[%clk 0:33:48]} 23. Qe4 {[%clk 0:51:26]} Bf8 {[%clk 0:29:48]} 24. d5
{[%clk 0:47:43]} Qb7 {[%clk 0:23:22]} 25. Qd3 {[%clk 0:47:01]} Bg7
{[%clk 0:18:16]} 26. e4 {[%clk 0:46:23]} Qc8 {[%clk 0:18:26]} 27. a4
{[%clk 0:44:23]} bxa4 {[%clk 0:13:38]} 28. bxa4 {[%clk 0:44:24]} h5
{[%clk 0:13:37]} 29. Bg5 {[%clk 0:42:24]} Kf8 {[%clk 0:12:33]} 30. h4
{[%clk 0:38:55]} Bf6 {[%clk 0:10:05]} 31. Bf4 {[%clk 0:36:19]} Kg7
{[%clk 0:10:27]} 32. Qe2 {[%clk 0:34:40]} Kh7 {[%clk 0:08:05]} 33. Kh2
{[%clk 0:32:06]} Bd4 {[%clk 0:07:00]} 34. Bg5 {[%clk 0:28:05]} Bf6
{[%clk 0:07:21]} 35. Bxf6 {[%clk 0:22:33]} exf6 {[%clk 0:07:46]} 36. Qb2
{[%clk 0:22:58]} Kg7 {[%clk 0:08:09]} 37. Qb6 {[%clk 0:22:32]} Qc2
{[%clk 0:06:34]} 38. a5 {[%clk 0:22:13]} Qe2 {[%clk 0:06:21]} 39. Qd4
{[%clk 0:19:07]} Qe1 {[%clk 0:05:47]} 40. Qb6 {[%clk 0:19:06]} Qe2
{[%clk 0:05:44]} 41. Qd4 {[%clk 0:18:29]} 1/2-1/2

[Event "6th Ferdowsi International Chess Open Tournament"]
[Site "Mashhad"]
[Date "2016.02.04"]
[Round "8"]
[Board "8"]
[White "Tiviakov, Sergei"]
[Black "Godarz, Kasra"]
[Result "1-0"]
[WhiteElo "2611"]
[BlackElo "2123"]
[PlyCount "0"]
[EventDate "2016.01.29"]
[EventRounds "9"]
[EventCountry "IRI"]

1. e4 {[%clk 1:30:57]} e5 {[%clk 1:30:40]} 2. Bc4 {[%clk 1:31:21]} Nf6
{[%clk 1:31:01]} 3. d3 {[%clk 1:31:45]} Nc6 {[%clk 1:31:23]} 4. Nf3
{[%clk 1:32:08]} Bc5 {[%clk 1:31:47]} 5. c3 {[%clk 1:32:31]} O-O {[%clk 1:32:12]}
6. Bb3 {[%clk 1:32:41]} d5 {[%clk 1:32:39]} 7. Qe2 {[%clk 1:31:52]} a5
{[%clk 1:33:07]} 8. a4 {[%clk 1:32:04]} h6 {[%clk 1:30:58]} 9. O-O
{[%clk 1:32:14]} Be6 {[%clk 1:24:31]} 10. Bc2 {[%clk 1:29:18]} Re8
{[%clk 1:16:53]} 11. Nbd2 {[%clk 1:24:19]} Qd7 {[%clk 1:12:24]} 12. exd5
{[%clk 1:21:52]} Bxd5 {[%clk 1:11:09]} 13. Ne4 {[%clk 1:22:15]} Nxe4
{[%clk 1:09:55]} 14. dxe4 {[%clk 1:22:39]} Be6 {[%clk 1:10:13]} 15. Qb5
{[%clk 1:18:45]} Qe7 {[%clk 1:03:35]} 16. Nd2 {[%clk 1:08:10]} Ra6
{[%clk 0:57:56]} 17. Qe2 {[%clk 1:07:44]} Qh4 {[%clk 0:53:18]} 18. Bd3
{[%clk 1:05:09]} Raa8 {[%clk 0:52:55]} 19. Bb5 {[%clk 1:05:08]} Rad8
{[%clk 0:49:01]} 20. Nf3 {[%clk 0:59:59]} Qh5 {[%clk 0:45:31]} 21. Be3
{[%clk 1:00:09]} Bxe3 {[%clk 0:45:48]} 22. Qxe3 {[%clk 1:00:34]} Rd6
{[%clk 0:45:28]} 23. Rfd1 {[%clk 0:49:33]} Red8 {[%clk 0:32:09]} 24. Rd2
{[%clk 0:47:55]} Rxd2 {[%clk 0:27:18]} 25. Nxd2 {[%clk 0:48:17]} Qg5
{[%clk 0:27:42]} 26. Nf1 {[%clk 0:46:00]} Qxe3 {[%clk 0:25:28]} 27. Nxe3
{[%clk 0:46:29]} Rd6 {[%clk 0:25:12]} 28. Kf1 {[%clk 0:46:01]} Kf8
{[%clk 0:25:15]} 29. Ke2 {[%clk 0:44:05]} Ke7 {[%clk 0:21:18]} 30. h4
{[%clk 0:43:47]} h5 {[%clk 0:18:56]} 31. g3 {[%clk 0:43:33]} Nd8 {[%clk 0:15:48]}
32. Bc4 {[%clk 0:42:33]} Rb6 {[%clk 0:12:56]} 33. Ra2 {[%clk 0:42:58]} c6
{[%clk 0:11:26]} 34. Kd3 {[%clk 0:37:47]} f6 {[%clk 0:09:05]} 35. Nf5+
{[%clk 0:37:01]} Kf8 {[%clk 0:07:21]} 36. Bxe6 {[%clk 0:34:37]} Nxe6
{[%clk 0:07:50]} 37. Kc4 {[%clk 0:35:00]} g6 {[%clk 0:05:21]} 38. Nd6
{[%clk 0:31:58]} Nd8 {[%clk 0:05:49]} 39. Nc8 {[%clk 0:29:32]} Ra6
{[%clk 0:06:13]} 40. b3 {[%clk 0:29:55]} Ra8 {[%clk 0:05:44]} 41. Nb6
{[%clk 0:30:16]} Ra6 {[%clk 0:05:50]} 42. Rd2 {[%clk 0:30:28]} Ke7
{[%clk 0:03:08]} 43. Nc8+ {[%clk 0:29:14]} Ke8 {[%clk 0:03:24]} 44. Rd6
{[%clk 0:26:17]} b5+ {[%clk 0:02:56]} 45. axb5 {[%clk 0:25:29]} cxb5+
{[%clk 0:03:22]} 46. Kxb5 {[%clk 0:25:53]} Rxd6 {[%clk 0:01:10]} 47. Nxd6+
{[%clk 0:26:17]} Ke7 {[%clk 0:01:04]} 48. Nc4 {[%clk 0:26:39]} Nb7
{[%clk 0:01:33]} 49. Kb6 {[%clk 0:26:59]} Nd8 {[%clk 0:01:49]} 50. Nxa5
{[%clk 0:27:23]} Ne6 {[%clk 0:01:52]} 51. b4 {[%clk 0:27:38]} f5 {[%clk 0:02:18]}
52. Nc4 {[%clk 0:27:23]} Kf6 {[%clk 0:02:16]} 53. b5 {[%clk 0:27:47]} f4
{[%clk 0:02:42]} 54. Kc6 {[%clk 0:28:03]} Nd8+ {[%clk 0:02:39]} 55. Kc7
{[%clk 0:28:24]} Ne6+ {[%clk 0:03:00]} 56. Kd6 {[%clk 0:28:50]} 1-0

[Event "6th Ferdowsi International Chess Open Tournament"]
[Site "Mashhad"]
[Date "2016.02.04"]
[Round "8"]
[Board "9"]
[White "Ghaem Maghami, Ehsan"]
[Black "Vassalam, Mohammad Taghi"]
[Result "1-0"]
[WhiteElo "2594"]
[BlackElo "2053"]
[PlyCount "0"]
[EventDate "2016.01.29"]
[EventRounds "9"]
[EventCountry "IRI"]

1. Nf3 {[%clk 1:27:23]} d5 {[%clk 1:30:54]} 2. d4 {[%clk 1:27:38]} e6
{[%clk 1:31:20]} 3. c4 {[%clk 1:27:58]} a6 {[%clk 1:29:21]} 4. cxd5
{[%clk 1:26:14]} exd5 {[%clk 1:29:31]} 5. Nc3 {[%clk 1:26:37]} b5
{[%clk 1:27:06]} 6. g3 {[%clk 1:16:28]} b4 {[%clk 1:24:15]} 7. Na4
{[%clk 1:16:31]} Bd6 {[%clk 1:24:14]} 8. Bg2 {[%clk 1:12:12]} Ne7
{[%clk 1:23:29]} 9. e4 {[%clk 1:09:29]} dxe4 {[%clk 1:03:56]} 10. Ng5
{[%clk 1:09:49]} c6 {[%clk 1:01:34]} 11. Qh5 {[%clk 1:04:45]} g6 {[%clk 0:52:49]}
12. Nxe4 {[%clk 1:05:06]} Nf5 {[%clk 0:48:54]} 13. Nxd6+ {[%clk 1:04:59]} Qxd6
{[%clk 0:48:05]} 14. Qe2+ {[%clk 1:05:19]} Be6 {[%clk 0:47:57]} 15. Bf4
{[%clk 1:05:29]} Qe7 {[%clk 0:45:42]} 16. Nb6 {[%clk 1:00:24]} g5
{[%clk 0:18:24]} 17. Be5 {[%clk 0:59:26]} f6 {[%clk 0:18:14]} 18. Nxa8
{[%clk 0:59:49]} fxe5 {[%clk 0:16:05]} 19. Qxe5 {[%clk 0:59:49]} Bc4
{[%clk 0:09:41]} 20. Nb6 {[%clk 0:59:04]} Bb5 {[%clk 0:09:22]} 21. O-O-O
{[%clk 0:59:05]} Qxe5 {[%clk 0:09:23]} 22. dxe5 {[%clk 0:59:26]} Rf8
{[%clk 0:08:55]} 23. Rd2 {[%clk 0:55:22]} c5 {[%clk 0:08:55]} 24. Nd5
{[%clk 0:54:58]} Nd4 {[%clk 0:08:32]} 25. Nf6+ {[%clk 0:53:27]} Ke7
{[%clk 0:08:43]} 26. h4 {[%clk 0:50:55]} g4 {[%clk 0:07:03]} 27. Nxh7
{[%clk 0:48:19]} Rf5 {[%clk 0:07:17]} 28. Nf6 {[%clk 0:47:06]} Ne2+
{[%clk 0:02:23]} 29. Rxe2 {[%clk 0:46:50]} Bxe2 {[%clk 0:02:48]} 30. h5
{[%clk 0:41:17]} Rxe5 {[%clk 0:02:14]} 31. h6 {[%clk 0:41:34]} Kxf6
{[%clk 0:02:39]} 32. h7 {[%clk 0:41:57]} Re8 {[%clk 0:03:03]} 33. h8=Q+
{[%clk 0:42:18]} Rxh8 {[%clk 0:03:31]} 34. Rxh8 {[%clk 0:42:37]} Nd7
{[%clk 0:03:44]} 35. Kd2 {[%clk 0:40:16]} Bb5 {[%clk 0:04:03]} 36. Rc8
{[%clk 0:38:51]} Ke6 {[%clk 0:01:54]} 37. Bc6 {[%clk 0:38:39]} Kd6
{[%clk 0:02:01]} 38. Bxd7 {[%clk 0:36:00]} Bxd7 {[%clk 0:01:41]} 39. Ra8
{[%clk 0:36:22]} Bb5 {[%clk 0:02:02]} 40. Ke3 {[%clk 0:36:37]} Ke5
{[%clk 0:01:59]} 41. Rc8 {[%clk 0:33:05]} Kd5 {[%clk 0:01:45]} 42. Rg8
{[%clk 0:32:25]} Bd7 {[%clk 0:01:39]} 43. Rg5+ {[%clk 0:30:15]} Kd6
{[%clk 0:00:41]} 44. Rg6+ {[%clk 0:28:27]} Be6 {[%clk 0:01:07]} 45. Ke4
{[%clk 0:28:28]} a5 {[%clk 0:01:15]} 46. b3 {[%clk 0:27:26]} Ke7 {[%clk 0:00:37]}
47. Ke5 {[%clk 0:27:25]} Bd7 {[%clk 0:00:36]} 48. Rg7+ {[%clk 0:27:35]} Be8 1-0